01008cam a2200253 a 450000100100000000500170001000800410002703500190006804000230008708200180011010000380012824500730016626001350023930000270037449000120040150400750041365000200048865100510050883000190055991000340057804900090061295201160062199900170073700001449720250916134336.0860117s1977 ve a b 000 0 spa  a(DLC) 85193856 aDO-SdBNPcDLCdDLC a303.62bB641L1 aBlanco Muñoz, Agustín.93273710aLatinoamérica, la historia violentada /cAgustín Blanco Muñoz. aCaracas :bUniversidad Central de Venezuela ;bFacultad de Ciencias Económicas y Sociales ;bDivisión de Publicaciones,c1977. a82 p. :bil. ;c23 cm.1 aEsquema aIncluye referencias bibliográficas y noatas al pie de las páginas. 0aViolencia91750 4aAmérica LatinaxHistoriaxFilosofía932738 0aEsquema.95401 aCatalogación por copia / LC aBNGR 001050718MOaGRbGRcCTd2010-01-12iLF1l0o303.62 B641Lp14497-10r2020-06-25w2020-06-25y1ZNo se presta c14086d14086